书目信息 |
| 题名: |
装饰工程制图与识图
|
|
| 作者: | 徐长玉 主编 | |
| 分册: | ||
| 出版信息: | 北京 机械工业出版社 2005.07 |
|
| 页数: | 258页 | |
| 开本: | 26cm | |
| 丛书名: | 现代家居设计与装修系列丛书 | |
| 单 册: | ||
| 中图分类: | TU238 | |
| 科图分类: | ||
| 主题词: | 室内装饰--shi nei zhuang shi--建筑制图--识图法 | |
| 电子资源: | ||
| ISBN: | 7-111-17136-5 | |
| 000 | 00916nam 22000241 450 | |
| 001 | 012006556098 | |
| 005 | 20060302172331.53 | |
| 010 | @a7-111-17136-5@dCNY25.00 | |
| 100 | @a20060302d2005 km y0chiy0120 ea | |
| 101 | 0 | @achi |
| 102 | @aCN@b110000 | |
| 105 | @aa z 000yy | |
| 200 | 1 | @a装饰工程制图与识图@Azhuang shi gong cheng zhi tu yu shi tu@f徐长玉主编@Fxu chang yu zhu bian |
| 210 | @a北京@c机械工业出版社@d2005.07 | |
| 215 | @a258页@c图@d26cm | |
| 225 | 2 | @a现代家居设计与装修系列丛书@Axian dai jia ju she ji yu zhuang xiu xi lie cong shu |
| 330 | @a本书内容注重实用,图文并茂,主要内容包括工程制图与识图的基本知识,投影原理与形体图样的画法,工程结构的表达方法等。 | |
| 410 | 0 | @12001 @a现代家居设计与装修系列丛书 |
| 606 | 0 | @a室内装饰@Ashi nei zhuang shi@x建筑制图@x识图法 |
| 690 | @aTU238@v4 | |
| 701 | 0 | @a徐长玉@Axu chang yu@4主编 |
| 801 | 0 | @aCN@bQSSK@c20060302 |
| 905 | @a10447@dTU238@eX688 | |
| 装饰工程制图与识图/徐长玉主编.-北京:机械工业出版社,2005.07 |
| 258页:图;26cm.-(现代家居设计与装修系列丛书) |
| ISBN 7-111-17136-5:CNY25.00 |
| 本书内容注重实用,图文并茂,主要内容包括工程制图与识图的基本知识,投影原理与形体图样的画法,工程结构的表达方法等。 |
| ● |
| 相关链接 |
|
|
|
正题名:装饰工程制图与识图
索取号:TU238/X688
 
预约/预借
| 序号 | 登录号 | 条形码 | 馆藏地/架位号 | 状态 | 备注 |
| 1 | 553409 | 205534091 | 建筑库101/101建筑库 50排6列2层/ [索取号:TU238/X688] | 在馆 | |
| 2 | 553410 | 205534108 | 建筑库101/101建筑库 50排6列2层/ [索取号:TU238/X688] | 在馆 | |
| 3 | 553411 | 205534117 | 建筑库101/101建筑库 50排6列2层/ [索取号:TU238/X688] | 在馆 |